[Event "OPEN D'AUBAGNE"]
[Site "SALLE LAKANAL AUBAGNE"]
[Date "2019.09.02"]
[Round "6.1"]
[White "Cescon, Moreno"]
[Black "Rivollier, Frederic"]
[Result "0-1"]
[WhiteElo "1691"]
[BlackElo "1458"]
[PlyCount "150"]
[EventDate "2019.??.??"]
[WhiteTeam "Cercle d'Echecs Aubagnais"]
[BlackTeam "Cercle d'Echecs Aubagnais"]

1. e4 e5 2. Nf3 Nc6 3. Bc4 Nf6 4. Ng5 d5 5. exd5 Na5 6. Bb5+ c6 7. dxc6 bxc6 8.
Be2 Nd5 9. d3 Be7 10. Nf3 Bf6 11. O-O O-O 12. Bd2 Nb7 13. Nc3 Bf5 14. Ne4 Bxe4
15. dxe4 Nf4 16. Bxf4 Qxd1 17. Rfxd1 exf4 18. e5 Bd8 19. Rd4 Bb6 20. Rxf4 Rad8
21. b4 c5 22. Ba6 Rd7 23. Bxb7 Rxb7 24. bxc5 Bxc5 25. Rc4 Rfb8 26. g3 Bf8 27.
Rd1 h6 28. a4 g6 29. Kg2 Bg7 30. Rd6 Re8 31. Rd5 Rbe7 32. Re4 f6 33. e6 Rxe6
34. Rxe6 Rxe6 35. Rd7 Ra6 36. Rd4 f5 37. Rc4 Rd6 38. Rc8+ Kh7 39. Rc7 Ra6 40.
Rc4 Rd6 41. h4 Rd5 42. Ne1 h5 43. Nd3 Bd4 44. Kf3 Bb6 45. Rb4 Kg7 46. Rb5 Rd7
47. a5 Bd4 48. Nb4 Rd6 49. Rd5 Rxd5 50. Nxd5 Kf7 51. Ke2 Be5 52. Kd3 Ke6 53.
Kc4 Kd6 54. Nb4 f4 55. gxf4 Bxf4 56. Nd3 Bd2 57. a6 g5 58. hxg5 Bxg5 59. f4 Bf6
60. Nf2 Kc6 61. Nh3 Kb6 62. Kd5 Kxa6 63. Kc6 Bc3 64. f5 h4 65. Nf2 Ka5 66. Kc5
Ka4 67. Kc4 Bf6 68. Kd3 Kb5 69. c4+ Kc6 70. Ne4 h3 71. Nf2 h2 72. Ke2 a5 73.
Kd3 a4 74. Nh1 a3 75. Kc2 a2 0-1

[Event "OPEN D'AUBAGNE"]
[Site "SALLE LAKANAL AUBAGNE"]
[Date "2019.09.02"]
[Round "6.2"]
[White "Ganier, Philippe"]
[Black "Pinet, Leo"]
[Result "1/2-1/2"]
[WhiteElo "1571"]
[BlackElo "1465"]
[PlyCount "77"]
[EventDate "2019.??.??"]
[WhiteTeam "La Ciotat Echecs (LCE)"]
[BlackTeam "Club Provence Echecs"]

1. d4 Nf6 2. c4 c5 3. d5 b5 4. cxb5 a6 5. Nc3 e6 6. e4 exd5 7. exd5 d6 8. Nf3
Be7 9. Be2 O-O 10. O-O Bb7 11. Bf4 Nbd7 12. bxa6 Bxa6 13. Bxa6 Rxa6 14. Qd3 Rb6
15. Rab1 Rb4 16. Bg3 Nh5 17. Rfe1 Nxg3 18. hxg3 Bf6 19. a3 Rb7 20. b4 cxb4 21.
axb4 Qb8 22. Ne4 Rxb4 23. Rxb4 Qxb4 24. Rb1 Qa4 25. Nxd6 Nc5 26. Qc4 Qxc4 27.
Nxc4 Rd8 28. Ne3 Kf8 29. Rd1 g6 30. Nd4 Bxd4 31. Rxd4 Ke7 32. Rc4 Rc8 33. Kf1
Kd6 34. Ke2 Ra8 35. Kf3 Ra2 36. Rb4 Rxf2+ 37. Kxf2 Nd3+ 38. Kf3 Nxb4 39. Ke4
1/2-1/2

[Event "OPEN D'AUBAGNE"]
[Site "SALLE LAKANAL AUBAGNE"]
[Date "2019.09.02"]
[Round "6.3"]
[White "Gomez, Guy"]
[Black "Bedhouche, Rayan"]
[Result "1/2-1/2"]
[WhiteElo "1559"]
[BlackElo "1460"]
[PlyCount "84"]
[EventDate "2019.??.??"]
[WhiteTeam "Cercle d'Echecs Aubagnais"]
[BlackTeam "L'Echiquier du Roy René"]

1. e4 c5 2. c3 d5 3. exd5 Qxd5 4. Nf3 Bg4 5. Be2 Nf6 6. d3 Nc6 7. Be3 e6 8.
Nbd2 Be7 9. Qb3 Qd7 10. Nc4 Qc7 11. O-O-O O-O-O 12. h3 Bf5 13. g3 Nd5 14. d4
Nxe3 15. Nxe3 cxd4 16. Nxf5 exf5 17. Qxf7 dxc3 18. Qxf5+ Kb8 19. bxc3 Nd4 20.
Nxd4 Qxc3+ 21. Kb1 Bf6 22. Rd3 Qb4+ 23. Rb3 Qxd4 24. Qf4+ Qxf4 25. gxf4 Rd2 26.
Ba6 b6 27. f3 Rhd8 28. Rc1 R2d4 29. Rbc3 Rb4+ 30. Rb3 Rxf4 31. a3 Rh4 32. Rd3
Rf8 33. Rd7 Ra4 34. Bd3 Rxa3 35. Rcc7 Ra1+ 36. Kc2 Rc8 37. Rxc8+ Kxc8 38. Bf5
Ra5 39. Rd5+ Kb7 40. Rxa5 bxa5 41. Bxh7 Kb6 42. Kb3 Kb5 1/2-1/2

[Event "OPEN D'AUBAGNE"]
[Site "SALLE LAKANAL AUBAGNE"]
[Date "2019.09.02"]
[Round "6.4"]
[White "Madi, Chahinez"]
[Black "Pouyet, Alain"]
[Result "1/2-1/2"]
[WhiteElo "1335"]
[BlackElo "1550"]
[PlyCount "107"]
[EventDate "2019.??.??"]
[WhiteTeam "Cercle d'Echecs Aubagnais"]
[BlackTeam "Club Provence Echecs"]

1. d4 Nf6 2. Nf3 e6 3. Bf4 c5 4. Nbd2 Nc6 5. c3 Qb6 6. Nc4 Qd8 7. Nd6+ Bxd6 8.
Bxd6 cxd4 9. Nxd4 Qb6 10. Rb1 Ne4 11. Ba3 e5 12. Qd3 d5 13. f3 Nc5 14. Bxc5
Qxc5 15. Nxc6 bxc6 16. e4 O-O 17. Be2 f5 18. exd5 cxd5 19. Qb5 Qd6 20. O-O a5
21. Qd3 Rb8 22. Rfd1 Rd8 23. Qe3 Rb7 24. Bc4 Be6 25. Rd2 f4 26. Qf2 Qc6 27. Bb3
a4 28. Bc2 Qc4 29. Qh4 Qc7 30. Qxh7+ Kf8 31. Bxa4 Qc8 32. Bc2 Qc7 33. Bf5 Bg8
34. Qg6 Rb6 35. Qg4 Rf6 36. Qg5 Qa7+ 37. Kh1 Qxa2 38. Re1 Re8 39. h3 Qa7 40.
Bd3 Qc7 41. Qh4 Rh6 42. Qf2 Qd6 43. b4 Rh5 44. Rde2 Rc8 45. Rc2 Be6 46. b5 Rb8
47. Rb1 Rb6 48. Ra1 Rh6 49. Ra6 Bd7 50. Rxb6 Qxb6 51. Qxb6 Rxb6 52. Rb2 Ke7 53.
c4 Kd6 54. cxd5 1/2-1/2

[Event "OPEN D'AUBAGNE"]
[Site "SALLE LAKANAL AUBAGNE"]
[Date "2019.09.02"]
[Round "6.5"]
[White "Jamme, Jean-Pierre"]
[Black "Tramarin, Esteban"]
[Result "1-0"]
[WhiteElo "1891"]
[BlackElo "1174"]
[PlyCount "67"]
[EventDate "2019.??.??"]
[WhiteTeam "Cercle d'Echecs Aubagnais"]
[BlackTeam "La Ciotat Echecs (LCE)"]

1. d4 d5 2. c4 e5 3. cxd5 Qxd5 4. Nf3 Nc6 5. Nc3 Qa5 6. d5 Nb4 7. Nxe5 Nf6 8.
Nc4 Qc5 9. e4 Ng4 10. Ne3 Nxe3 11. Bxe3 Qe7 12. Be2 g6 13. Bd4 Rg8 14. O-O Qg5
15. f4 Qe7 16. a3 Na6 17. Bxa6 bxa6 18. Qa4+ Qd7 19. Qc4 Bg7 20. e5 Kd8 21. Bf2
Qg4 22. Na4 Bxe5 23. d6 Bxd6 24. Qxf7 Rf8 25. Qd5 Rb8 26. Bg3 Qe2 27. Bh4+ Kd7
28. Nc5+ Ke8 29. Rfe1 Rxb2 30. Rxe2+ Rxe2 31. Ne4 Rxf4 32. Nf6+ Kd8 33. Qg8+
Ke7 34. Qe8# 1-0

[Event "OPEN D'AUBAGNE"]
[Site "SALLE LAKANAL AUBAGNE"]
[Date "2019.09.02"]
[Round "6.6"]
[White "Tramarin, Matteo"]
[Black "Madi, Mohammed"]
[Result "1-0"]
[WhiteElo "1473"]
[BlackElo "1111"]
[PlyCount "67"]
[EventDate "2019.??.??"]
[WhiteTeam "La Ciotat Echecs (LCE)"]
[BlackTeam "Cercle d'Echecs Aubagnais"]

1. c4 c5 2. Nc3 d6 3. g3 Nf6 4. Bg2 g6 5. d3 Nc6 6. Nf3 Bg7 7. O-O O-O 8. Bd2
Bf5 9. Rb1 a6 10. a3 Qd7 11. b4 b6 12. b5 axb5 13. Nxb5 Rab8 14. Bc3 Na7 15.
Qc2 Rfd8 16. Nd2 d5 17. Nxa7 Qxa7 18. a4 dxc4 19. Nxc4 Qa6 20. Rb5 Bd7 21. Rb2
Bxa4 22. Ra1 Qxc4 23. Rxa4 Qe6 24. Rb5 Bh6 25. Ra6 Nd7 26. Bf3 Bg7 27. Bxg7
Kxg7 28. Qb2+ Kg8 29. Kg2 f6 30. d4 cxd4 31. Bd5 Qxd5+ 32. Rxd5 Kf8 33. Qxd4
Ke8 34. Ra7 1-0

[Event "OPEN D'AUBAGNE"]
[Site "SALLE LAKANAL AUBAGNE"]
[Date "2019.09.02"]
[Round "6.7"]
[White "Cotton, Paul"]
[Black "Gamblin, Vincent"]
[Result "0-1"]
[WhiteElo "1402"]
[BlackElo "1406"]
[PlyCount "86"]
[EventDate "2019.??.??"]
[WhiteTeam "Cercle d'Echecs Aubagnais"]
[BlackTeam "L'Echiquier du Roy René"]

1. Nf3 Nf6 2. g3 c5 3. c4 g6 4. Bg2 Nc6 5. Nc3 Bg7 6. O-O O-O 7. d3 d6 8. Rb1
a6 9. a3 Rb8 10. Bd2 e5 11. b4 cxb4 12. axb4 b5 13. Ng5 Nd4 14. e3 Ne6 15. Nxe6
Bxe6 16. cxb5 axb5 17. h3 Qd7 18. Kh2 Rfd8 19. e4 d5 20. Bg5 dxe4 21. Bxf6 Bxf6
22. Nxe4 Be7 23. Qe2 Qxd3 24. Qxd3 Rxd3 25. Rfc1 Rd4 26. Nc5 Bc4 27. Ne4 Bd3
28. Nc5 Bxb1 29. Rxb1 Bxc5 30. bxc5 Rc4 31. c6 b4 32. Bd5 Rc5 33. Be4 f5 34.
Bg2 e4 35. f3 exf3 36. Bxf3 b3 37. Bd1 b2 38. Ba4 Rb4 39. Bd1 Rxc6 40. Bf3 Rc2+
41. Bg2 Rc1 42. Rxb2 Rxb2 43. h4 Rcc2 0-1

[Event "OPEN D'AUBAGNE"]
[Site "SALLE LAKANAL AUBAGNE"]
[Date "2019.09.02"]
[Round "6.9"]
[White "Daumas, Alain"]
[Black "Blanc, Michel"]
[Result "0-1"]
[WhiteElo "1649"]
[BlackElo "1486"]
[PlyCount "76"]
[EventDate "2019.??.??"]
[WhiteTeam "Club d'Echecs Pennois (CEP)"]
[BlackTeam "Cercle d'Echecs Aubagnais"]

1. c4 c6 2. Nf3 d5 3. e3 Nf6 4. d4 Bg4 5. Nbd2 e6 6. Be2 Nbd7 7. O-O Bd6 8. Re1
O-O 9. Qb3 Rb8 10. Nf1 Ne4 11. Ng3 Nxg3 12. fxg3 Nf6 13. Rf1 Ne4 14. c5 Bc7 15.
Qd3 Nf6 16. Bd2 Bf5 17. Qa3 a6 18. Bd3 Bxd3 19. Qxd3 Ne4 20. Bc1 Qe7 21. Nd2
Nxd2 22. Bxd2 e5 23. Qf5 e4 24. Rf2 Rbd8 25. Raf1 Qd7 26. Qh5 Rfe8 27. b4 Re6
28. Qg4 Qe8 29. a4 Rg6 30. Qe2 Rh6 31. Rb1 f6 32. b5 Qg6 33. bxc6 Rxh2 34. Rf4
Bxf4 35. gxf4 Qh6 36. Qg4 f5 37. Qg5 Rh1+ 38. Kf2 Rxb1 0-1

[Event "OPEN D'AUBAGNE"]
[Site "SALLE LAKANAL AUBAGNE"]
[Date "2019.09.02"]
[Round "6.10"]
[White "Ghazarian, David"]
[Black "Vicari-Vento, Salvatore"]
[Result "0-1"]
[WhiteElo "1550"]
[BlackElo "1329"]
[PlyCount "138"]
[EventDate "2019.??.??"]
[WhiteTeam "Cercle d'Echecs Aubagnais"]
[BlackTeam "Cercle d'Echecs Aubagnais"]

1. e4 c5 2. Nc3 d6 3. f4 a6 4. Nf3 Nc6 5. Bc4 e6 6. O-O Nf6 7. a3 Be7 8. d3 b5
9. Ba2 Bb7 10. Ne2 O-O 11. Ng3 h6 12. f5 Bc8 13. fxe6 Bxe6 14. Bxe6 fxe6 15. c3
Qd7 16. h3 a5 17. Be3 Kh8 18. Qb3 Nd8 19. Nh4 Kh7 20. d4 c4 21. Qc2 e5 22. dxe5
dxe5 23. Rad1 Qc6 24. Nhf5 Bc5 25. Qf2 Ne6 26. Bxc5 Qxc5 27. Qxc5 Nxc5 28. Nd6
Rab8 29. Rf5 Nd3 30. Rd2 Rb6 31. Kh2 Rxd6 32. Rxe5 Nxe5 33. Rxd6 Rb8 34. Re6
Nd3 35. e5 Nd7 36. Re7 N7xe5 37. Nf5 Kg6 38. g4 Nf7 39. Kg3 Kf6 40. h4 g6 41.
g5+ hxg5 42. hxg5+ Nxg5 43. Nd4 Kxe7 44. Nc6+ Kd6 45. Nxb8 Nxb2 46. Kg4 Ne6 47.
Na6 Na4 48. Nb4 axb4 49. axb4 Nxc3 50. Kf3 Nd5 51. Ke2 Nxb4 52. Kd2 Kd5 53. Kc3
Nc6 54. Kc2 b4 55. Kb2 Kd4 56. Kc2 b3+ 57. Kb2 Kd3 58. Kc1 c3 59. Kb1 g5 60.
Kc1 g4 61. Kd1 g3 62. Ke1 c2 63. Kf1 b2 64. Kg1 b1=Q+ 65. Kg2 c1=R 66. Kf3 Rf1+
67. Kg2 Qe1 68. Kh3 Rf4 69. Kg2 Qf2+ 0-1

[Event "OPEN D'AUBAGNE"]
[Site "SALLE LAKANAL AUBAGNE"]
[Date "2019.09.02"]
[Round "6.11"]
[White "Correges, Philippe"]
[Black "Strate, Francois"]
[Result "1-0"]
[WhiteElo "1406"]
[BlackElo "1314"]
[PlyCount "141"]
[EventDate "2019.??.??"]
[WhiteTeam "Cercle d'Echecs Aubagnais"]
[BlackTeam "Sanary Echecs"]

1. e4 e6 2. d4 d5 3. Nc3 Nf6 4. Bg5 Be7 5. e5 Nfd7 6. h4 a6 7. Bxe7 Qxe7 8. Qg4
f6 9. exf6 Nxf6 10. Qg5 Nbd7 11. Nf3 b5 12. Be2 c6 13. Ne5 Bb7 14. Nxd7 Qxd7
15. Bh5+ Nxh5 16. Qxh5+ g6 17. Qe5 O-O-O 18. O-O-O Rhf8 19. f4 Rf5 20. Qe3 Rdf8
21. g3 a5 22. Rhe1 R8f6 23. Rd2 h5 24. Ne2 b4 25. Qf3 Ba6 26. Kb1 Kb8 27. Nc1
a4 28. Nd3 Bxd3 29. Qxd3 Ka7 30. Rde2 Kb6 31. Re3 Qd6 32. Qe2 Qd7 33. Rxe6 Rxe6
34. Qxe6 Qg7 35. c3 bxc3 36. bxc3 Qf8 37. Kb2 Rf7 38. Rb1 Re7 39. Ka3+ Ka5 40.
Qd6 Re8 41. Qxf8 Rxf8 42. Re1 Kb5 43. Re6 Rc8 44. Rxg6 Kc4 45. Kb2 Rb8+ 46. Kc2
a3 47. Rxc6+ Kb5 48. Rc5+ Ka4 49. Rc7 Rb2+ 50. Kd3 Rxa2 51. Ra7+ Kb5 52. f5 Kb6
53. Ra8 Kb7 54. Ra4 Kc7 55. Ke3 Kd7 56. Kf4 Rf2+ 57. Ke5 a2 58. f6 Re2+ 59.
Kxd5 Ke8 60. c4 Kf7 61. Ra6 Rf2 62. c5 Rb2 63. c6 Rc2 64. Kd6 Kxf6 65. d5 Rb2
66. c7 Rb6+ 67. Rxb6 a1=Q 68. Kd7+ Kf7 69. c8=Q Qa4+ 70. Kc7 Qc4+ 71. Rc6 1-0

[Event "OPEN D'AUBAGNE"]
[Site "SALLE LAKANAL AUBAGNE"]
[Date "2019.09.02"]
[Round "6.12"]
[White "Bonavia, Mathis"]
[Black "Moerenhout, Jean Claude"]
[Result "1-0"]
[WhiteElo "1405"]
[BlackElo "1302"]
[PlyCount "146"]
[EventDate "2019.??.??"]
[WhiteTeam "La Ciotat Echecs (LCE)"]
[BlackTeam "Cercle d'Echecs Aubagnais"]

1. d4 d6 2. Bf4 Nd7 3. Nf3 Ngf6 4. e3 h6 5. c3 e5 6. dxe5 dxe5 7. Bxe5 Be7 8.
Bc4 c6 9. Nbd2 Qb6 10. Qb3 O-O 11. Qxb6 axb6 12. O-O-O Nxe5 13. Nxe5 b5 14. Bb3
Be6 15. Bxe6 fxe6 16. Ng6 Rfe8 17. Kb1 Bc5 18. Nf3 Ra7 19. Rd2 b4 20. cxb4 Bxb4
21. Rc2 Ra6 22. Nfe5 Rea8 23. b3 Ne4 24. Nd3 Nd2+ 25. Kc1 Nxb3+ 26. Kd1 Rxa2
27. Rf1 Ra1+ 28. Ke2 Rxf1 29. Kxf1 Ra1+ 30. Ke2 Ba5 31. Ndf4 Re1+ 32. Kd3 Rd1+
33. Kc4 Nd2+ 34. Kd4 Nf3+ 35. Ke4 Nxh2 36. Nxe6 Kf7 37. Ngf4 g5 38. Rc5 gxf4
39. Rxa5 Kxe6 40. Kxf4 Nf1 41. Rh5 Nd2 42. Rxh6+ Kd5 43. g4 Rf1 44. Rh2 Ne4 45.
Rh5+ Ke6 46. Kxe4 Rxf2 47. Rh6+ Kf7 48. Rh7+ Kg8 49. Rxb7 Rg2 50. Kf5 c5 51.
Rc7 Rc2 52. Ke4 Rc4+ 53. Kf3 Rc3 54. g5 c4 55. Ke4 Rc1 56. Kf3 c3 57. Ke2 Rg1
58. Rc5 c2 59. Rxc2 Rxg5 60. e4 Kf7 61. Kf3 Kf6 62. Kf4 Rg1 63. Rc6+ Ke7 64.
Ke5 Re1 65. Ra6 Rxe4+ 66. Kxe4 Kd7 67. Kd5 Kc7 68. Rh6 Kb7 69. Kc5 Ka7 70. Kb5
Kb7 71. Rh7+ Kc8 72. Kc6 Kd8 73. Kd6 Ke8 1-0

[Event "OPEN D'AUBAGNE"]
[Site "SALLE LAKANAL AUBAGNE"]
[Date "2019.09.02"]
[Round "6.13"]
[White "Hassaine, Rachid"]
[Black "Marchis Mouren, Emma"]
[Result "1/2-1/2"]
[WhiteElo "1357"]
[BlackElo "1298"]
[PlyCount "45"]
[EventDate "2019.??.??"]
[WhiteTeam "Cercle d'Echecs Aubagnais"]
[BlackTeam "Cassis Echecs"]

1. e4 e5 2. Nf3 Nf6 3. Nc3 Bb4 4. d3 d5 5. Bd2 O-O 6. Nxe5 dxe4 7. Bg5 Re8 8.
d4 h6 9. Bc4 Be6 10. Bxe6 Rxe6 11. Be3 Nd5 12. O-O Nxc3 13. bxc3 Bxc3 14. Rb1
b6 15. Qh5 Qf6 16. f3 Qe7 17. fxe4 f6 18. Ng6 Qf7 19. e5 f5 20. Qf3 Nc6 21. Nh4
Rf8 22. Nxf5 Rd8 23. Nxh6+ 1/2-1/2

[Event "OPEN D'AUBAGNE"]
[Site "SALLE LAKANAL AUBAGNE"]
[Date "2019.09.02"]
[Round "6.14"]
[White "Cureau, Dominique"]
[Black "Rescanieres, Alice"]
[Result "1/2-1/2"]
[WhiteElo "1348"]
[BlackElo "1196"]
[PlyCount "128"]
[EventDate "2019.??.??"]
[WhiteTeam "Echiquier Marseillais 1872"]
[BlackTeam "La Ciotat Echecs (LCE)"]

1. c4 Nf6 2. Nc3 e6 3. e4 Bc5 4. e5 Ng8 5. d4 Bb4 6. a3 Bxc3+ 7. bxc3 d6 8. Qg4
g6 9. Bg5 f6 10. Bf4 Na6 11. Nf3 c5 12. exd6 e5 13. Qg3 exf4 14. Qxf4 Qa5 15.
Qe3+ Kf8 16. Be2 cxd4 17. Qxd4 Nc5 18. Bd1 Ne6 19. Qd2 Nf4 20. O-O Qf5 21. Kh1
h5 22. Rg1 g5 23. Bc2 Qe6 24. Rae1 Qg4 25. Bd1 h4 26. Ne5 Qf5 27. Bg4 Qh7 28.
d7 Bxd7 29. Nxd7+ Kg7 30. Nc5 h3 31. Qd7+ Kh6 32. Bxh3 Nxh3 33. Qxh3+ Kg6 34.
Qd3+ f5 35. Re6+ Nf6 36. h3 Rae8 37. Rd6 g4 38. Qg3 Kf7 39. Rd3 gxh3 40. gxh3
Ng4 41. Rd7+ Re7 42. Rxe7+ Kxe7 43. Qc7+ Kf6 44. Qxh7 Rxh7 45. Kg2 Rc7 46. hxg4
Rxc5 47. gxf5 Rxc4 48. Rc1 Kxf5 49. f3 a5 50. Kf2 b5 51. Ke3 b4 52. axb4 axb4
53. Kd3 Rc8 54. c4 Kf4 55. Rb1 Rb8 56. c5 Kxf3 57. Kc4 Ke4 58. Rxb4 Rc8 59. Rb6
Ke5 60. Kb5 Kd5 61. c6 Kd6 62. Ra6 Rc7 63. Rb6 Rc8 64. Ra6 Rc7 1/2-1/2

[Event "OPEN D'AUBAGNE"]
[Site "SALLE LAKANAL AUBAGNE"]
[Date "2019.09.02"]
[Round "6.15"]
[White "Normand, Christophe"]
[Black "Delaplace, Mathias"]
[Result "0-1"]
[WhiteElo "1283"]
[BlackElo "1338"]
[PlyCount "68"]
[EventDate "2019.??.??"]
[WhiteTeam "Cercle d'Echecs Aubagnais"]
[BlackTeam "Marseille-Echecs"]

1. e4 c5 2. Nc3 Nc6 3. Bc4 e6 4. Nf3 Nge7 5. d4 cxd4 6. Nxd4 d5 7. Nxc6 bxc6 8.
Bd3 Ng6 9. O-O Bd6 10. exd5 cxd5 11. f4 O-O 12. Nb5 Bc5+ 13. Kh1 a6 14. Nc3 Bb7
15. Qh5 Be7 16. f5 exf5 17. Rxf5 d4 18. Ne2 Bf6 19. Nf4 Nxf4 20. Rxf4 g6 21.
Rg4 Bc8 22. Bf5 Kh8 23. Rxg6 Bxf5 24. Rxf6 Qxf6 25. Bg5 Qg6 26. Qh4 f6 27. Bd2
Be4 28. Rg1 Rg8 29. Qf2 Rg7 30. h3 Rag8 31. Kh2 Qg3+ 32. Qxg3 Rxg3 33. Bf4
Rxg2+ 34. Rxg2 Rxg2+ 0-1

[Event "OPEN D'AUBAGNE"]
[Site "SALLE LAKANAL AUBAGNE"]
[Date "2019.09.02"]
[Round "6.17"]
[White "Hunault, Francis"]
[Black "Frontera, Pierre"]
[Result "1/2-1/2"]
[WhiteElo "1412"]
[BlackElo "1262"]
[PlyCount "125"]
[EventDate "2019.??.??"]
[WhiteTeam "Cercle d'Echecs Aubagnais"]
[BlackTeam "Cercle d'Echecs Aubagnais"]

1. d4 Nf6 2. Nf3 d6 3. e3 e6 4. Bd3 Be7 5. e4 Bd7 6. c4 c5 7. d5 e5 8. O-O Bg4
9. h3 Bh5 10. Qa4+ Nfd7 11. Nh2 O-O 12. f4 f6 13. g4 Be8 14. f5 Nb6 15. Qd1 a5
16. Nc3 Na6 17. a3 Nc7 18. Nf3 Nc8 19. Qe2 Na7 20. Bd2 a4 21. Rab1 Rb8 22. Nb5
Ncxb5 23. cxb5 Nc8 24. Rfc1 b6 25. b4 axb3 26. Rxb3 Ra8 27. Bc4 Qc7 28. Ra1 Ra4
29. Rb2 Qa7 30. Rba2 Qb7 31. Bb3 Ra8 32. a4 Bd8 33. Bc4 Na7 34. Qh2 Qd7 35. h4
h5 36. g5 g6 37. gxf6 Bxf6 38. Qg3 Qg7 39. Bg5 Bd7 40. fxg6 Qxg6 41. Rg2 Kh7
42. Bxf6 Qxg3 43. Rxg3 Rxf6 44. Ng5+ Kh6 45. Ne6 Rh8 46. Kh2 Rh7 47. Rag1 Rhf7
48. Ng7 Rf2+ 49. Kh1 Bg4 50. Nf5+ R7xf5 51. exf5 Bf3+ 52. Rxf3 Rxf3 53. Rg6+
Kh7 54. Rxd6 Nc8 55. Rd7+ Kh6 56. Rd8 Ne7 57. d6 Nxf5 58. d7 Ne3 59. Rh8+ Kg7
60. d8=Q Rh3+ 61. Kg1 Nxc4 62. Rg8+ Kf7 63. Qe8+ 1/2-1/2

[Event "OPEN D'AUBAGNE"]
[Site "SALLE LAKANAL AUBAGNE"]
[Date "2019.09.02"]
[Round "6.18"]
[White "Pietrac, Christian"]
[Black "Desjardins, Rene"]
[Result "0-1"]
[WhiteElo "1258"]
[BlackElo "1384"]
[PlyCount "104"]
[EventDate "2019.??.??"]
[WhiteTeam "Club d'Echecs de Miramas"]
[BlackTeam "Cercle d'Echecs Aubagnais"]

1. Nf3 Nf6 2. g3 d5 3. Bg2 Bf5 4. O-O e6 5. d3 Be7 6. Nbd2 Nc6 7. Nh4 Bg6 8.
Nxg6 hxg6 9. e4 Qd7 10. Re1 O-O-O 11. e5 Ng8 12. c3 f6 13. d4 fxe5 14. dxe5 Rh5
15. Nf3 Bc5 16. g4 Rh8 17. Nd4 Nxd4 18. cxd4 Bb6 19. b4 Ne7 20. Be3 Nc6 21. Rb1
Rh7 22. Qd3 Qf7 23. a4 a5 24. bxa5 Nxa5 25. Bf1 Rdh8 26. h3 Nc4 27. Rec1 Qf3
28. Bg2 Qf7 29. Bd2 Rf8 30. f3 Nxe5 31. Qc3 Nc4 32. Kh2 Ba5 33. Qb3 Bxd2 34.
Qxb7+ Kd7 35. Qb5+ Ke7 36. Qc5+ Kf6 37. Rf1 Bf4+ 38. Kh1 Nd2 39. Rb7 Nxf1 40.
Bxf1 Rhh8 41. a5 Rb8 42. a6 Rhc8 43. Qc6 Rxb7 44. Qxb7 Qe8 45. h4 Rb8 46. g5+
Kf7 47. Qa7 Rb1 48. Kg2 Rb2+ 49. Kh3 Qd7 50. Bb5 Rxb5 51. Kg2 Rb2+ 52. Kf1 Qb5+
0-1

[Event "OPEN D'AUBAGNE"]
[Site "SALLE LAKANAL AUBAGNE"]
[Date "2019.09.02"]
[Round "6.19"]
[White "Masson, Wally"]
[Black "Cavanihac, Claude"]
[Result "1/2-1/2"]
[WhiteElo "1147"]
[BlackElo "1371"]
[PlyCount "96"]
[EventDate "2019.??.??"]
[WhiteTeam "Cercle d'Echecs Aubagnais"]
[BlackTeam "Cercle d'Echecs Aubagnais"]

1. e4 e5 2. Bc4 Nf6 3. Nc3 Be7 4. Nf3 d6 5. d4 exd4 6. Nxd4 O-O 7. O-O c5 8.
Nf5 Bxf5 9. exf5 a6 10. Re1 Nc6 11. Be3 b5 12. Bd5 Nxd5 13. Nxd5 Bf6 14. c3 Rb8
15. Qf3 Ne5 16. Qg3 Kh8 17. Rad1 g6 18. f4 Nc4 19. b3 Nb6 20. Nxb6 Qxb6 21.
fxg6 fxg6 22. Rd3 Qc6 23. Red1 Rbd8 24. f5 Be5 25. Bf4 Bxf4 26. Qxf4 Rxf5 27.
Qg3 d5 28. h4 c4 29. Re3 cxb3 30. axb3 Qc5 31. b4 Qc4 32. Re5 Qb3 33. Rxf5
Qxd1+ 34. Rf1 Qh5 35. Qf4 Qf5 36. Qxf5 gxf5 37. Rxf5 d4 38. cxd4 Rxd4 39. Rf6
Rxh4 40. Rxa6 Rxb4 41. Kf2 Kg7 42. Ke3 h5 43. Rb6 h4 44. Kd3 Rb2 45. Ke3 b4 46.
Kf3 Rb3+ 47. Kg4 Rg3+ 48. Kxh4 Rxg2 1/2-1/2

[Event "OPEN D'AUBAGNE"]
[Site "SALLE LAKANAL AUBAGNE"]
[Date "2019.09.02"]
[Round "6.20"]
[White "Prasant, Krishnan"]
[Black "Roche, Alain"]
[Result "0-1"]
[WhiteElo "1247"]
[BlackElo "1321"]
[PlyCount "104"]
[EventDate "2019.??.??"]
[WhiteTeam "Cassis Echecs"]
[BlackTeam "Echiquier Marseillais 1872"]

1. d4 d5 2. c4 c6 3. Nf3 Nf6 4. g3 e6 5. Bg2 dxc4 6. O-O Be7 7. Ne5 O-O 8. Nxc4
Nd5 9. e4 Nb6 10. Ne5 N8d7 11. Nxd7 Nxd7 12. Nc3 Nf6 13. Re1 Bb4 14. a3 Bxc3
15. bxc3 Ne8 16. Qb3 a5 17. a4 h5 18. Qd1 g6 19. Bh6 Ng7 20. Qf3 Kh7 21. Bf4 f5
22. exf5 exf5 23. Be5 Rf7 24. Bf4 Be6 25. Qe3 Bd5 26. Bf1 Qd7 27. Qe5 Ne8 28.
c4 Be4 29. f3 Bxf3 30. Bd2 Be4 31. Bxa5 Rxa5 32. Qf4 Qxd4+ 33. Qf2 Qf6 34. Qd2
Ra8 35. Be2 Rd8 36. Qe3 Re7 37. Qf4 Qd4+ 38. Kf1 Qc5 39. Qg5 Ng7 40. Qf4 Rd4
41. Rac1 Bg2+ 42. Kxg2 Rxf4 43. gxf4 Ne6 44. Bf3 Nxf4+ 45. Kg3 Rxe1 46. Rxe1
Qd6 47. Kh4 Ne6 48. Kh3 Kh6 49. Kh4 Qf4+ 50. Kh3 Qxf3+ 51. Kh4 Qf2+ 52. Kh3
Nf4# 0-1

[Event "OPEN D'AUBAGNE"]
[Site "SALLE LAKANAL AUBAGNE"]
[Date "2019.09.02"]
[Round "6.22"]
[White "Rocchia, Alex"]
[Black "Le Roux, Yves"]
[Result "0-1"]
[WhiteElo "1314"]
[BlackElo "1145"]
[PlyCount "121"]
[EventDate "2019.??.??"]
[WhiteTeam "Cercle d'Echecs Aubagnais"]
[BlackTeam "Echiquier Marseillais 1872"]

1. e4 e5 2. Nf3 Nc6 3. Bc4 Bc5 4. c3 Nf6 5. d3 h6 6. a4 a6 7. Nbd2 O-O 8. O-O
d6 9. Re1 Bg4 10. Nf1 Nh7 11. Ne3 Bxe3 12. Bxe3 Qf6 13. Bd2 Bxf3 14. gxf3 Ng5
15. Bxg5 Qxg5+ 16. Kh1 Ne7 17. Rg1 Qh5 18. Rg3 g5 19. Kg2 Kh7 20. Rh3 Qg6 21.
Qg1 f5 22. Kh1 Qf6 23. Qg2 Ng6 24. Qf1 f4 25. Qe2 Qd8 26. Rg1 Nh4 27. Bb3 Qd7
28. Rg4 Kg6 29. Rhxh4 h5 30. Qf1 hxg4 31. Rxg4 Rh8 32. Qg2 Rh5 33. Kg1 Qe7 34.
d4 Rah8 35. h4 Rxh4 36. Rxh4 Rxh4 37. dxe5 dxe5 38. Bc4 Qd7 39. Bb3 Qh3 40. Bc4
Qxg2+ 41. Kxg2 Rh8 42. Be6 Rd8 43. Bf5+ Kf6 44. Kf1 Rd2 45. b4 Rc2 46. Bd7 Rxc3
47. b5 axb5 48. Bxb5 Rxf3 49. Bd7 b6 50. Ke2 Ra3 51. Kf1 Ke7 52. Bb5 Kd6 53.
Kg2 g4 54. Be8 c6 55. Bh5 Rxa4 56. Bxg4 Rxe4 57. Bf5 Kd5 58. f3 Re2+ 59. Kh3
Re3 60. Kg4 b5 61. Be4+ 0-1

[Event "OPEN D'AUBAGNE"]
[Site "SALLE LAKANAL AUBAGNE"]
[Date "2019.09.02"]
[Round "6.23"]
[White "Tramarin, Lucas"]
[Black "Morata, Serge"]
[Result "1-0"]
[WhiteElo "1149"]
[BlackElo "1278"]
[PlyCount "107"]
[EventDate "2019.??.??"]
[WhiteTeam "La Ciotat Echecs (LCE)"]
[BlackTeam "Cercle d'Echecs Aubagnais"]

1. d4 d5 2. c4 e5 3. e3 Bb4+ 4. Nc3 e4 5. a3 Bxc3+ 6. bxc3 Nf6 7. Be2 O-O 8.
Bd2 Nc6 9. Rb1 b6 10. cxd5 Nxd5 11. Bc4 Na5 12. Bxd5 Qxd5 13. Ne2 Bg4 14. h3
Bxe2 15. Qxe2 Nc4 16. a4 a5 17. O-O Na3 18. Ra1 Qc4 19. Qd1 Nb5 20. axb5 Qxb5
21. Rb1 Qc4 22. Qc2 Rfe8 23. Rbd1 a4 24. Ra1 b5 25. Rfb1 c6 26. Bc1 Qd3 27.
Qxd3 exd3 28. Ba3 Re6 29. Rd1 f5 30. Rxd3 f4 31. Kf1 fxe3 32. Rxe3 Rae8 33.
Rxe6 Rxe6 34. Re1 Kf7 35. Rxe6 Kxe6 36. Ke2 Kd5 37. Kd3 g6 38. h4 h5 39. g3 Ke6
40. Ke4 Kf6 41. Kf4 Kf7 42. Ke5 Ke8 43. Kd6 Kf7 44. Kxc6 Ke6 45. Kxb5 Kd5 46.
Kxa4 Kc4 47. Ka5 Kd5 48. Kb4 Kc6 49. Kc4 Kd7 50. Kd5 Kd8 51. c4 Kd7 52. c5 Kc8
53. Ke6 Kd8 54. Kf6 1-0

[Event "OPEN D'AUBAGNE"]
[Site "SALLE LAKANAL AUBAGNE"]
[Date "2019.09.02"]
[Round "6.24"]
[White "Innocenti, Georges"]
[Black "Pouliquen, Gilbert"]
[Result "1/2-1/2"]
[WhiteElo "1122"]
[BlackElo "1276"]
[PlyCount "101"]
[EventDate "2019.??.??"]
[WhiteTeam "Cercle d'Echecs Aubagnais"]
[BlackTeam "Echiquier Marseillais 1872"]

1. d4 Nf6 2. Bf4 e6 3. e3 c5 4. c3 Qb6 5. b3 Nc6 6. Nf3 Nh5 7. Bg3 Nxg3 8. hxg3
cxd4 9. Nxd4 Nxd4 10. Qxd4 Qxd4 11. exd4 Be7 12. Bd3 g6 13. Nd2 Ba3 14. Rb1 b6
15. b4 Bb7 16. Nc4 Bxg2 17. Rg1 Bxb4 18. cxb4 Bd5 19. Rc1 O-O 20. a3 Rfc8 21.
Kd2 Rc7 22. Ne3 Rac8 23. Rxc7 Rxc7 24. Nxd5 exd5 25. Rc1 Rxc1 26. Kxc1 Kg7 27.
Be2 Kf6 28. Bg4 Ke7 29. Kd2 f5 30. Bf3 Ke6 31. Ke3 h6 32. g4 g5 33. gxf5+ Kxf5
34. Bxd5 Kf6 35. Bg2 h5 36. f3 Kf5 37. Kf2 Kf4 38. Bh3 g4 39. fxg4 hxg4 40.
Bxg4 Kxg4 41. Ke3 Kf5 42. Kd3 b5 43. Ke3 Kf6 44. Ke4 Ke6 45. d5+ Kd6 46. Kd4 a6
47. Ke4 Ke7 48. Kd4 d6 49. Ke4 Kf6 50. Kf4 Kg6 51. Kg4 1/2-1/2